LIBRARY & INFORMATION CENTRE, KCAET, TAVANUR

ONLINE PUBLIC ACCESS CATALOGUE (OPAC)

100 Bankable post harvest equipment developed in India / (Record no. 10097)

MARC details
000 -LEADER
fixed length control field 00506cam a2200181ua 4500
041 ## - LANGUAGE CODE
Language code of text/sound track or separate title eng
082 ## - DEWEY DECIMAL CLASSIFICATION NUMBER
Classification number 631.56
Item number KAC/BA
100 ## - MAIN ENTRY--AUTHOR NAME
Personal name Kachru, R P .
245 ## - TITLE STATEMENT
Title 100 Bankable post harvest equipment developed in India /
260 ## - PUBLICATION, DISTRIBUTION, ETC. (IMPRINT)
Place of publication Bhopal :
Name of publisher Central Institute of Agricultural Engineering ,
Year of publication 1986.
300 ## - PHYSICAL DESCRIPTION
Number of Pages 277 ; .
700 1# - ADDED ENTRY--PERSONAL NAME
Personal name Bisht, .
700 1# - ADDED ENTRY--PERSONAL NAME
Personal name Ojha, T.P.
700 1# - ADDED ENTRY--PERSONAL NAME
Personal name Srivastava, P K .
942 ## - ADDED ENTRY ELEMENTS (KOHA)
Koha item type Books
Holdings
Withdrawn status Lost status Damaged status Home library Current library Shelving location Date acquired Full call number Accession Number Koha item type
      KAUAET KAUAET General Stacks 06/08/1990 631.56 16707 Books
free website counter